000 00964nmc a2200361 a 4500
003 AR-BaBNM
005 20251128204739.0
008 125119s1989 ||||||||||||||000 | spa||
020 _a84-85859-35-9
040 _cAR-BaBNM
100 1 _aSavater, Fernando
245 1 0 _aHeterodoxias y contracultura
250 _a2ª ed.
260 _aBarcelona
_bMontesinos
_c1989
300 0 _a160 p.
_bil.
490 0 _aBiblioteca de divulgación temática
_vv. 11
500 0 _aInformación sobre los autores
504 _aBibliografía: p. 158-159
650 4 _aSOCIOLOGIA CULTURAL
650 4 _aANTROPOLOGIA CULTURAL Y SOCIAL
650 4 _aSOCIOLOGIA DEL ARTE
650 4 _aCONTRACULTURAS
650 4 _aDROGAS
650 4 _aARTE POP
650 4 _aUTOPIA
650 4 _aPROCESOS SOCIALES
650 4 _aESTUDIOS SOCIALES
653 0 _aSURREALISMO
653 0 _aESCEPTICISMO
700 1 _aVillena, Luis Antonio de
942 _cBK
998 _cMARTIN
999 _c8659
_d8659